Barclays Bank plc and others v Eustice and others (Record no. 2843)

MARC details
000 -LEADER
fixed length control field 01597cab a2200229 4500
001 - CONTROL NUMBER
control field ABS53494
008 - FIXED-LENGTH DATA ELEMENTS--GENERAL INFORMATION
fixed length control field 090401t1995 xxu||||| |||| 00| 0 eng d
035 ## - SYSTEM CONTROL NUMBER
System control number (Sirsi) u4689
041 ## - LANGUAGE CODE
Language code of text/sound track or separate title eng
245 ## - TITLE STATEMENT
Title Barclays Bank plc and others v Eustice and others
260 ## - PUBLICATION, DISTRIBUTION, ETC.
Date of publication, distribution, etc. 1995
350 ## - PRICE (NR) (BK AM CF MU VM SE) [OBSOLETE]
Price 0
490 ## - SERIES STATEMENT
Series statement Weekly Law Reports
Volume/sequential designation 1995 1 WLR 1238-1253(16)
520 ## - SUMMARY, ETC.
Summary, etc. CA 6 July 1995. In 1992, plaintiff bank (X) lend defendants A and B a sum of money with separate overdraft faciity with charge on land owned by A. A and B also occupied land as tenants. The overdraft facility was increasedd converting 20 year loan to 12 month overdraft facility with agricultural charges on all agricultural assets. In March 1994, the Inland Revenuee distrained goods on far in lieu of Income Tax and National Insurance payments. A and B assigned the tenancy to C and D for a £1 sellingg agricultural assets distrained by the Inland Revenue without informing X. X called in loans and appointed receivers. A and B`s solicitor informedd X of assignment. A and b informed their solicitors about the agreement to sell agricultural assets. X sought declaration that under s423 of the Insolvency Act 1986 that the transactions were void and unenforcable and disclosure orders of all documents between defendants and their solicitors. On appeal, declared prima facie case that preconditio
650 ## - SUBJECT ADDED ENTRY--TOPICAL TERM
Topical term or geographic name entry element DISCOVERY
650 ## - SUBJECT ADDED ENTRY--TOPICAL TERM
Topical term or geographic name entry element INSOLVENCY ACT 1986 S423
650 ## - SUBJECT ADDED ENTRY--TOPICAL TERM
Topical term or geographic name entry element LEGAL PROFESSIONAO PROVILEGE
650 ## - SUBJECT ADDED ENTRY--TOPICAL TERM
Topical term or geographic name entry element NULL AND VOID
690 ## - LOCAL SUBJECT ADDED ENTRY--TOPICAL TERM (OCLC, RLIN)
Topical term or geographic name as entry element PROPERTY LAW AND PRACTICE-CASE LAW
942 ## - ADDED ENTRY ELEMENTS (KOHA)
Suppress in OPAC 0
948 ## - LOCAL PROCESSING INFORMATION (OCLC); SERIES PART DESIGNATOR (RLIN)
c (OCLC) 04/03/1997
Holdings
Withdrawn status Lost status Source of classification or shelving scheme Damaged status Not for loan Home library Current library Shelving location Date acquired Total Checkouts Full call number Barcode Date last seen Copy number Price effective from Koha item type
    Dewey Decimal Classification     London London Journal article 14/09/1999   ABS53494 4689-1001 06/08/2019 1 06/08/2019 Law report